Partidos pequeños y grandotes en disputa: por reparto del pastel electoral /
Sparad:
| Huvudupphovsman: | |
|---|---|
| Materialtyp: | Text |
| Taggar: |
Lägg till en tagg
Inga taggar, Lägg till första taggen!
|
MARC
| LEADER | 00000 a a2200000 04500 | ||
|---|---|---|---|
| 001 | 45998 | ||
| 003 | |||
| 040 | |||
| 100 | |a García Castillo, Carlos | ||
| 245 | |a Partidos pequeños y grandotes en disputa: |b por reparto del pastel electoral / |c Carlos García Castillo | ||
| 773 | |g volumen16, número398 ( , 1996), páginas 6-7 | ||
| 999 | |c 30266 |d 30266 | ||
